[Event "Rated Blitz game"]
[Site "?"]
[Date "2021.03.16"]
[Round "?"]
[White "funny_chess"]
[Black "Fantastic_power06"]
[Result "1/2-1/2"]
[WhiteElo "2652"]
[BlackElo "2579"]
[PlyCount "136"]
[EventDate "2021.??.??"]
[EventType "blitz"]

1. e4 e5 2. Nf3 d5 3. exd5 e4 4. Ne5 Qxd5 5. d4 exd3 6. Nxd3 Bd6 7. Nc3 Qf5 8.
g3 Nc6 9. Bg2 Bd7 10. Ne4 Be7 11. O-O O-O-O 12. Be3 Nf6 13. Qf3 Qxf3 14. Bxf3
Nxe4 15. Bxe4 Bf6 16. c3 Rhe8 17. Bg2 b6 18. Rfd1 Na5 19. Nb4 Nc4 20. Bc1 Bg4
21. Rf1 Be2 22. Re1 Bg4 23. Rf1 Nd2 24. Bxd2 Rxd2 25. Rfe1 Rxe1+ 26. Rxe1 Rxb2
27. h3 Be6 28. Nd5 Rxa2 29. h4 a5 30. c4 Ra1 31. Rxa1 Bxa1 32. Be4 a4 33. Bb1
a3 34. Kf1 c6 35. Nxb6+ Kc7 36. c5 Bd4 37. Na4 a2 38. Bxa2 Bxa2 39. Ke2 Bb3 40.
Kd3 Bxa4 41. Kxd4 Bb5 42. Ke5 Kd7 43. h5 Ke7 44. h6 gxh6 45. f4 f6+ 46. Kf5
Bd3+ 47. Kg4 Ke6 48. Kh5 Kf5 49. Kxh6 Kg4 50. f5 Kxg3 51. Kxh7 Kf4 52. Kg7 Kxf5
53. Kf7 Ke5 54. Ke7 f5 55. Kd7 f4 56. Kxc6 f3 57. Kb6 f2 58. c6 f1=Q 59. c7
Qb1+ 60. Kc6 Qc2+ 61. Kd7 Bf5+ 62. Kd8 Qd3+ 63. Ke8 Qd7+ 64. Kf8 Qxc7 65. Kg8
Qd7 66. Kh8 Ke6 67. Kg8 Qe7 68. Kh8 Qf7 {Normal} 1/2-1/2

[Event "Rated Blitz game"]
[Site "?"]
[Date "2021.03.16"]
[Round "?"]
[White "realborg"]
[Black "zavareh1351109"]
[Result "0-1"]
[WhiteElo "2433"]
[BlackElo "2396"]
[PlyCount "56"]
[EventDate "2021.??.??"]
[EventType "blitz"]

1. e4 e5 2. Nf3 d5 3. exd5 Bd6 4. d3 f5 5. c4 Na6 6. Nc3 Nf6 7. Qa4+ Bd7 8. Qc2
O-O 9. a3 Qe8 10. b4 e4 11. dxe4 fxe4 12. Nd4 Qe5 13. Be3 Ng4 14. Qxe4 Nxe3 15.
fxe3 Qg5 16. Bd3 g6 17. Ne6 Bxe6 18. Qxe6+ Kh8 19. Qh3 Rae8 20. Kd2 Rf2+ 21.
Ne2 Nxb4 22. axb4 Bxb4+ 23. Kc2 Qe5 24. Kb3 Rxe2 25. Bxe2 Qc3+ 26. Ka4 b5+ 27.
cxb5 Re4 28. Qc8+ Bf8+ {Normal} 0-1

[Event "Rated Blitz game"]
[Site "?"]
[Date "2021.03.16"]
[Round "?"]
[White "benvural"]
[Black "Killerrhino"]
[Result "1-0"]
[WhiteElo "2477"]
[BlackElo "2387"]
[PlyCount "67"]
[EventDate "2021.??.??"]
[EventType "blitz"]

1. e4 e5 2. Nf3 d5 3. exd5 e4 4. Qe2 Nf6 5. d3 Qxd5 6. Nfd2 Bb4 7. c3 Be7 8.
Nxe4 O-O 9. Be3 Nxe4 10. dxe4 Qxe4 11. Nd2 Qg6 12. g3 Re8 13. Bg2 Bc5 14. O-O
Bxe3 15. fxe3 Nc6 16. Rf4 Bf5 17. Qf2 Be6 18. Rf1 f6 19. Ne4 Bxa2 20. Nc5 Nd8
21. b3 b6 22. Qxa2 Rb8 23. b4+ Kh8 24. Nd7 Rc8 25. Qf2 Ne6 26. Rh4 Rcd8 27. Be4
Qf7 28. Bxh7 g5 29. Bg6+ gxh4 30. Bxf7 f5 31. Qxf5 Re7 32. Qh5+ Kg7 33. Qg6+
Kh8 34. Qh6# {Normal} 1-0

[Event "Rated Blitz game"]
[Site "?"]
[Date "2021.03.16"]
[Round "?"]
[White "Lode77"]
[Black "zavareh1351109"]
[Result "1-0"]
[WhiteElo "2412"]
[BlackElo "2402"]
[PlyCount "33"]
[EventDate "2021.??.??"]
[EventType "blitz"]

1. e4 e5 2. Nf3 d5 3. Nxe5 Qe7 4. d4 f6 5. Nd3 dxe4 6. Nf4 Bf5 7. Be3 Nc6 8.
Nd5 Qd7 9. c4 O-O-O 10. Be2 Nge7 11. Nxe7+ Bxe7 12. d5 Ne5 13. O-O h5 14. Nc3
Bd6 15. c5 Be7 16. c6 bxc6 17. Ba6+ {Normal} 1-0

[Event "Rated Blitz game"]
[Site "?"]
[Date "2021.03.16"]
[Round "?"]
[White "Arkadag2020"]
[Black "Schachelite"]
[Result "1/2-1/2"]
[WhiteElo "2471"]
[BlackElo "2378"]
[PlyCount "116"]
[EventDate "2021.??.??"]
[EventType "blitz"]

1. e4 e5 2. Nf3 d5 3. exd5 e4 4. Qe2 Nf6 5. Nc3 Be7 6. Nxe4 O-O 7. d3 Re8 8. c4
Nxe4 9. dxe4 Bb4+ 10. Bd2 Qe7 11. a3 Bc5 12. O-O-O a5 13. Bc3 Qxe4 14. Qxe4
Rxe4 15. Bd3 Re8 16. Rhf1 Bg4 17. h3 Bxf3 18. gxf3 Nd7 19. Kc2 Ne5 20. Bxe5
Rxe5 21. Rfe1 Rae8 22. Rxe5 Rxe5 23. Rd2 g6 24. Re2 Rxe2+ 25. Bxe2 Bxf2 26. b4
axb4 27. axb4 f5 28. c5 Kf7 29. Bc4 Kf6 30. b5 Bxc5 31. Kd3 Ke5 32. Bb3 Kf4 33.
Ke2 Kg3 34. d6 Bxd6 35. Bg8 h6 36. Bh7 Kxh3 37. Bxg6 f4 38. Kf2 Bc5+ 39. Kf1
Kg3 40. Bh5 Kh4 41. Bf7 h5 42. Kg2 Kg5 43. Bd5 b6 44. Bc6 h4 45. Kh3 Bf2 46.
Be4 Bg3 47. Bc6 Kf6 48. Kg4 Ke5 49. Kh3 Kd6 50. Kg4 Kc5 51. Kh3 Kd4 52. Kg4 Ke3
53. Kh3 Kf2 54. Bd5 Kg1 55. Bc6 Kh1 56. Bd5 Kg1 57. Bc6 Kh1 58. Bd5 Kg1 {Normal
} 1/2-1/2

[Event "Rated Blitz game"]
[Site "?"]
[Date "2021.03.16"]
[Round "?"]
[White "behroozbagheri1359"]
[Black "zavareh1351109"]
[Result "1-0"]
[WhiteElo "2421"]
[BlackElo "2364"]
[PlyCount "51"]
[EventDate "2021.??.??"]
[EventType "blitz"]

1. e4 e5 2. Nf3 d5 3. exd5 Bd6 4. d3 f5 5. c4 Na6 6. Nc3 Nf6 7. d4 e4 8. Ne5
O-O 9. f4 exf3 10. Nxf3 Bb4 11. Bd2 Bxc3 12. bxc3 Ne4 13. Be2 f4 14. O-O Qe7
15. Bd3 Bf5 16. Re1 Rae8 17. Ne5 Nxd2 18. Bxf5 Rxf5 19. Qxd2 Qf8 20. Rab1 b6
21. Nc6 f3 22. Rxe8 Qxe8 23. Rf1 Nb8 24. Nxb8 Qe2 25. Qxe2 fxe2 26. Re1 {Normal
} 1-0

[Event "Rated Blitz game"]
[Site "?"]
[Date "2021.03.16"]
[Round "?"]
[White "behroozbagheri1359"]
[Black "zavareh1351109"]
[Result "1-0"]
[WhiteElo "2431"]
[BlackElo "2354"]
[PlyCount "51"]
[EventDate "2021.??.??"]
[EventType "blitz"]

1. e4 e5 2. Nf3 d5 3. exd5 Bd6 4. c3 f5 5. d4 e4 6. Ne5 Nf6 7. f4 O-O 8. c4 b6
9. Nc3 c5 10. dxc6 Bxe5 11. fxe5 Ng4 12. Be2 Nxc6 13. Bxg4 fxg4 14. Be3 Ba6 15.
Qxg4 Bxc4 16. O-O-O Bd3 17. Nxe4 Bxe4 18. Qxe4 Rc8 19. Kb1 Nb4 20. d5 a5 21. a3
Nc2 22. Rd2 Nxe3 23. Qxe3 b5 24. d6 b4 25. e6 bxa3 26. e7 {Normal} 1-0

[Event "Rated Blitz game"]
[Site "?"]
[Date "2021.03.16"]
[Round "?"]
[White "Mariano_Nelson_II"]
[Black "zvjaginsevfan"]
[Result "0-1"]
[WhiteElo "2655"]
[BlackElo "2542"]
[PlyCount "82"]
[EventDate "2021.??.??"]
[EventType "blitz"]

1. e4 e5 2. Nf3 d5 3. Nxe5 Bd6 4. d4 dxe4 5. Qh5 Be6 6. Nc3 Nf6 7. Qg5 O-O 8.
h3 Nc6 9. Nxc6 bxc6 10. Be2 h6 11. Qa5 Qd7 12. a3 Rab8 13. g4 Rfe8 14. g5 Nd5
15. gxh6 g6 16. Nxe4 Bf5 17. Qxd5 Bxe4 18. Qg5 Bxh1 19. Be3 Qf5 20. h7+ Kh8 21.
Qxf5 gxf5 22. O-O-O f4 23. Rxh1 fxe3 24. fxe3 Rxe3 25. Bd3 Rbe8 26. Kd2 Bf4 27.
Kc3 Re1 28. Rxe1 Rxe1 29. a4 Re3 30. b4 Rxh3 31. a5 Bd6 32. Kc4 Rh5 33. c3 Kg7
34. Be4 f5 35. Bxc6 f4 36. Be4 Rh3 37. b5 f3 38. Bf5 Rh5 39. Bg4 f2 40. Bxh5
f1=Q+ 41. Kd5 Qxb5+ {Normal} 0-1

[Event "Rated Blitz game"]
[Site "?"]
[Date "2021.03.16"]
[Round "?"]
[White "Attacker2700"]
[Black "Melladov"]
[Result "0-1"]
[WhiteElo "2458"]
[BlackElo "2583"]
[PlyCount "106"]
[EventDate "2021.??.??"]
[EventType "blitz"]

1. e4 e5 2. Nf3 d5 3. Nxe5 Bd6 4. d4 dxe4 5. Nc4 Nf6 6. Nxd6+ Qxd6 7. Be3 O-O
8. c4 Nc6 9. Qd2 Ng4 10. Nc3 Nxe3 11. fxe3 f5 12. g3 a6 13. Be2 Bd7 14. O-O-O
b5 15. c5 Qh6 16. Nd5 Rac8 17. Nf4 g5 18. Nd5 Be6 19. Nc3 Rcd8 20. h4 g4 21. d5
Nb4 22. d6 cxd6 23. cxd6 Rd7 24. a3 Nc6 25. Kb1 Rfd8 26. Qc1 Rxd6 27. Rxd6 Rxd6
28. Rd1 Bb3 29. Rxd6 Qxd6 30. Bd1 Bxd1 31. Nxd1 Ne5 32. Qc8+ Kg7 33. Nc3 Nc4
34. Qxf5 Qd3+ 35. Ka2 Nxe3 36. Qe5+ Kf7 37. Nxe4 Qd5+ 38. Qxd5+ Nxd5 39. Nc5
Kf6 40. Nxa6 Ke5 41. Nc5 Kd4 42. Ne6+ Ke3 43. Ng5 h5 44. b3 Kf2 45. a4 bxa4 46.
bxa4 Kxg3 47. Kb3 Kxh4 48. Ne4 g3 49. Nd2 g2 50. Nf3+ Kg3 51. Ng1 h4 52. a5 h3
53. Kc4 Nc7 {Normal} 0-1

[Event "Rated Blitz game"]
[Site "?"]
[Date "2021.03.16"]
[Round "?"]
[White "GMJOEY93"]
[Black "KamranShirazi"]
[Result "1-0"]
[WhiteElo "2659"]
[BlackElo "2511"]
[PlyCount "63"]
[EventDate "2021.??.??"]
[EventType "blitz"]

1. e4 e5 2. Nf3 d5 3. d4 dxe4 4. Nxe5 Nd7 5. Nc4 f5 6. Nc3 Ngf6 7. Ne3 Nb6 8.
a4 a5 9. f3 Bb4 10. Be2 O-O 11. O-O f4 12. Nc4 exf3 13. Rxf3 Nxc4 14. Bxc4+ Kh8
15. h3 Nh5 16. Ne2 Bd6 17. Bd3 Qg5 18. c4 b6 19. Be4 Rb8 20. Qd3 h6 21. Bd2 Bf5
22. Bxf5 Rxf5 23. g4 Rbf8 24. Raf1 Qh4 25. gxf5 Ng3 26. Nxg3 fxg3 27. Kg2 g5
28. fxg6 Rg8 29. d5 Be5 30. Bc3 Qe7 31. Rf7 Qd6 32. Rh7# {Normal} 1-0

[Event "Rated Blitz game"]
[Site "?"]
[Date "2021.03.15"]
[Round "?"]
[White "NizamovE"]
[Black "Dzon_Vejn"]
[Result "1-0"]
[WhiteElo "2401"]
[BlackElo "2414"]
[PlyCount "99"]
[EventDate "2021.??.??"]
[EventType "blitz"]

1. e4 e5 2. Nf3 d5 3. Nxe5 Bd6 4. d4 dxe4 5. Nc4 Be7 6. Ne3 Nf6 7. c4 O-O 8.
Nc3 a6 9. Be2 Nc6 10. d5 Ne5 11. O-O Re8 12. h3 Rb8 13. b3 Bd7 14. Bb2 Bc5 15.
a3 b5 16. Qd2 bxc4 17. bxc4 Qe7 18. Rfe1 h5 19. Rab1 h4 20. Qc2 Ng6 21. Rbd1
Nf4 22. Bf1 Rb6 23. Bc1 N6h5 24. d6 Rxd6 25. Ned5 Nxd5 26. Nxd5 Qd8 27. Rxe4 c6
28. Rxe8+ Qxe8 29. Ne3 Rg6 30. Bd3 Rd6 31. Bb2 Nf4 32. Bh7+ Kh8 33. Rxd6 Bxd6
34. Bf5 Be6 35. c5 Bc7 36. Qc3 f6 37. Qc2 Bxf5 38. Qxf5 Qe7 39. Qc2 Kg8 40.
Qc4+ Qe6 41. Qxa6 Nd5 42. Qc4 Kf7 43. Qd3 Nf4 44. Qd1 Qe4 45. Bc1 Nd3 46. Qh5+
Kg8 47. Qd1 Qf4 48. Qf3 Qd4 49. Bd2 Ne5 50. Qd5+ {Time forfeit} 1-0

[Event "Rated Blitz game"]
[Site "?"]
[Date "2021.03.15"]
[Round "?"]
[White "stammargg"]
[Black "Chesspirate_Channel"]
[Result "0-1"]
[WhiteElo "2511"]
[BlackElo "2401"]
[PlyCount "56"]
[EventDate "2021.??.??"]
[EventType "blitz"]

1. e4 e5 2. Nf3 d5 3. exd5 e4 4. Ne5 Qxd5 5. d4 exd3 6. Nxd3 Nf6 7. Nc3 Qa5 8.
Bd2 Nc6 9. g3 Bg4 10. f3 Be6 11. Bg2 h5 12. f4 h4 13. Qe2 hxg3 14. hxg3 Rxh1+
15. Bxh1 Nd4 16. Qd1 Bg4 17. Qc1 O-O-O 18. Kf1 Qh5 19. Bg2 Be2+ 20. Nxe2 Qxe2+
21. Kg1 Nf3+ 22. Bxf3 Qxf3 23. Qe1 Rxd3 24. cxd3 Bc5+ 25. d4 Bxd4+ 26. Kh2 Ng4+
27. Kh3 Nf2+ 28. Kh2 Ne4 {Time forfeit} 0-1

[Event "Rated Rapid game"]
[Site "?"]
[Date "2021.03.15"]
[Round "?"]
[White "JoeAssaad"]
[Black "Bruichladdich"]
[Result "1/2-1/2"]
[WhiteElo "2554"]
[BlackElo "2515"]
[PlyCount "86"]
[EventDate "2021.??.??"]
[EventType "rapid"]

1. e4 e5 2. Nf3 d5 3. Nxe5 dxe4 4. d4 Bc5 5. dxc5 Qe7 6. Nc4 Nf6 7. Nc3 O-O 8.
Bg5 Rd8 9. Qc1 h6 10. Bxf6 Qxf6 11. Be2 Nc6 12. O-O Be6 13. Ne3 Qd4 14. Rd1 Qe5
15. Rxd8+ Rxd8 16. Qe1 f5 17. Rd1 Nd4 18. Bc4 Bxc4 19. Nxc4 Qxc5 20. Ne3 Qe5
21. Ne2 f4 22. Nc4 Qc5 23. Nxd4 Rxd4 24. Rxd4 Qxd4 25. b3 b5 26. Nd2 Qc3 27.
Nf3 Qxc2 28. Nd2 Qxa2 29. Nxe4 Qxb3 30. h4 Qe6 31. Qb4 a5 32. Qd4 a4 33. Nc5
Qd6 34. Qc3 c6 35. Ne4 Qe6 36. Qb4 Qb3 37. Qe7 a3 38. Qe8+ Kh7 39. Ng5+ hxg5
40. Qh5+ Kg8 41. Qe8+ Kh7 42. Qh5+ Kg8 43. Qe8+ Kh7 {Normal} 1/2-1/2

[Event "Rated Blitz game"]
[Site "?"]
[Date "2021.03.15"]
[Round "?"]
[White "Figo13"]
[Black "KamranShirazi"]
[Result "0-1"]
[WhiteElo "2348"]
[BlackElo "2487"]
[PlyCount "40"]
[EventDate "2021.??.??"]
[EventType "blitz"]

1. e4 e5 2. Nf3 d5 3. exd5 e4 4. Qe2 Nf6 5. Nc3 Be7 6. Nxe4 Nxd5 7. d4 O-O 8.
Bd2 Re8 9. O-O-O f5 10. Nc3 Nxc3 11. Bxc3 Bg5+ 12. Nxg5 Rxe2 13. Bxe2 Qxg5+ 14.
Kb1 Bd7 15. Bc4+ Kh8 16. h4 Qh6 17. Rhe1 Nc6 18. d5 Qxh4 19. dxc6 Bxc6 20. g3
Qxc4 {Normal} 0-1

[Event "Rated Blitz game"]
[Site "?"]
[Date "2021.03.15"]
[Round "?"]
[White "Doppelbauer01"]
[Black "KamranShirazi"]
[Result "1-0"]
[WhiteElo "2490"]
[BlackElo "2493"]
[PlyCount "141"]
[EventDate "2021.??.??"]
[EventType "blitz"]

1. e4 e5 2. Nf3 d5 3. exd5 e4 4. Qe2 Nf6 5. Nc3 Be7 6. Nxe4 Nxd5 7. d3 O-O 8.
Qd1 f5 9. Nc3 Bb4 10. Bd2 Re8+ 11. Be2 Bxc3 12. bxc3 Qf6 13. c4 Nc3 14. Bxc3
Qxc3+ 15. Nd2 Nc6 16. O-O Nd4 17. Bf3 Qxc2 18. Qxc2 Nxc2 19. Rab1 Nd4 20. Bxb7
Bxb7 21. Rxb7 Re2 22. Nb3 Ne6 23. d4 a5 24. d5 a4 25. dxe6 axb3 26. axb3 c6 27.
e7 Kf7 28. g3 Rxe7 29. Rxe7+ Kxe7 30. b4 Ra4 31. Rb1 Kd6 32. Kg2 g5 33. Kf3
Ra3+ 34. Ke2 Kc7 35. b5 c5 36. Rd1 Rc3 37. Rd5 Rxc4 38. Rxf5 g4 39. Rf6 Kb7 40.
Kd3 Rb4 41. Rf4 Kb6 42. Rxb4 cxb4 43. Kc4 Ka5 44. b6 Kxb6 45. Kxb4 Kc6 46. Kc4
Kd6 47. Kd4 Ke6 48. Ke4 Kf6 49. f4 gxf3 50. Kxf3 Kf5 51. g4+ Kg5 52. Kg3 Kg6
53. Kf4 Kf6 54. g5+ Kg6 55. h3 h6 56. h4 hxg5+ 57. hxg5 Kg7 58. Kf5 Kf7 59. Kg4
Kg7 60. Kh4 Kg6 61. Kg4 Kg7 62. Kh5 Kh7 63. Kg4 Kg6 64. Kf4 Kg7 65. Kf5 Kf7 66.
g6+ Kg7 67. Kg5 Kg8 68. Kh6 Kh8 69. Kh5 Kg7 70. Kg5 Kg8 71. Kf6 {Time forfeit}
1-0

[Event "Rated Blitz game"]
[Site "?"]
[Date "2021.03.15"]
[Round "?"]
[White "Alejandropacheco29"]
[Black "Chesspirate_Channel"]
[Result "1-0"]
[WhiteElo "2410"]
[BlackElo "2328"]
[PlyCount "41"]
[EventDate "2021.??.??"]
[EventType "blitz"]

1. e4 e5 2. Nf3 d5 3. exd5 e4 4. Qe2 Nf6 5. d3 Be7 6. dxe4 O-O 7. Nc3 c6 8.
dxc6 Nxc6 9. Bd2 Re8 10. O-O-O Qa5 11. Qb5 Qc7 12. Nd5 Nxd5 13. exd5 Bf6 14.
dxc6 bxc6 15. Qc4 Be6 16. Qa4 Rab8 17. c3 Rxb2 18. Kxb2 Rb8+ 19. Kc2 Qb7 20.
Qb4 Qc7 21. Bf4 {Normal} 1-0

[Event "Rated Blitz game"]
[Site "?"]
[Date "2021.03.15"]
[Round "?"]
[White "Berardino"]
[Black "jsequera"]
[Result "0-1"]
[WhiteElo "2560"]
[BlackElo "2428"]
[PlyCount "112"]
[EventDate "2021.??.??"]
[EventType "blitz"]

1. e4 e5 2. Nf3 d5 3. exd5 e4 4. Qe2 f5 5. d3 Nf6 6. dxe4 fxe4 7. Nc3 Be7 8.
Nxe4 O-O 9. Bd2 Qxd5 10. Qc4 Be6 11. Qxd5 Bxd5 12. Nxf6+ Bxf6 13. O-O-O Nc6 14.
a3 Rae8 15. Be3 Bxf3 16. gxf3 Ne5 17. Be2 b6 18. f4 Ng6 19. Bc4+ Kh8 20. f5 Nh4
21. Be6 Be5 22. Rd7 Nxf5 23. Bxf5 Rxf5 24. h3 Ref8 25. Rg1 R5f7 26. Rd5 Rf5 27.
Kb1 Bd6 28. Rd3 R8f7 29. h4 Rf3 30. h5 h6 31. Rd4 R3f5 32. Re4 Rxh5 33. Re6 Re5
34. Reg6 Ref5 35. a4 Be5 36. Re6 Bf6 37. Rd1 Re5 38. Rc6 Kh7 39. Bf4 Re4 40.
Bxc7 Rxa4 41. c3 Re4 42. Bg3 Re2 43. Rd5 Rfe7 44. Rh5 Rd7 45. Bf4 Rd1+ 46. Ka2
Rxf2 47. Be3 Rf3 48. Bd4 Bxd4 49. cxd4 Rxd4 50. Rc7 Rg4 51. Rd5 Rf6 52. Rxa7
Rg5 53. Rxg5 hxg5 54. Kb3 g4 55. Ra4 g3 56. Rh4+ Rh6 {Normal} 0-1

[Event "Rated Blitz game"]
[Site "?"]
[Date "2021.03.15"]
[Round "?"]
[White "weresloth"]
[Black "lavilaine"]
[Result "0-1"]
[WhiteElo "2472"]
[BlackElo "2378"]
[PlyCount "28"]
[EventDate "2021.??.??"]
[EventType "blitz"]

1. e4 e5 2. Nf3 d5 3. exd5 e4 4. Qe2 f5 5. d3 Nf6 6. dxe4 fxe4 7. Nbd2 Qxd5 8.
c4 Qa5 9. Ng5 Qxg5 10. Nxe4 Qe5 11. Nxf6+ gxf6 12. Be3 Nc6 13. O-O-O Bf5 14. f4
Qe4 {Normal} 0-1

[Event "Rated Blitz game"]
[Site "?"]
[Date "2021.03.15"]
[Round "?"]
[White "Dinamo81"]
[Black "Chesspirate_Channel"]
[Result "1-0"]
[WhiteElo "2580"]
[BlackElo "2404"]
[PlyCount "73"]
[EventDate "2021.??.??"]
[EventType "blitz"]

1. e4 e5 2. Nf3 d5 3. exd5 e4 4. Qe2 Nf6 5. d3 Be7 6. dxe4 O-O 7. Nc3 c6 8. Bg5
Nxd5 9. Bxe7 Nxe7 10. Qd2 Qb6 11. O-O-O a5 12. Bc4 Qb4 13. Qd4 b5 14. Be2 h6
15. a3 Qxd4 16. Nxd4 b4 17. Na4 Nd7 18. f4 Rb8 19. Bf3 c5 20. Nb3 c4 21. Nxa5
c3 22. axb4 cxb2+ 23. Nxb2 Rxb4 24. Nb3 Nb6 25. Rd4 Rb5 26. Rhd1 Be6 27. Rd8
Nc6 28. Rxf8+ Kxf8 29. Nd4 Nxd4 30. Rxd4 Ra5 31. Kd2 Ra2 32. Rb4 Rxb2 33. Rxb2
Nc4+ 34. Kc3 Nxb2 35. Kxb2 Ke7 36. Kc3 Kd6 37. Kd4 {Normal} 1-0

[Event "Rated Blitz game"]
[Site "?"]
[Date "2021.03.15"]
[Round "?"]
[White "DanPach"]
[Black "DarthZannah"]
[Result "0-1"]
[WhiteElo "2464"]
[BlackElo "2539"]
[PlyCount "102"]
[EventDate "2021.??.??"]
[EventType "blitz"]

1. e4 e5 2. Nf3 d5 3. exd5 e4 4. Ne5 Qxd5 5. d4 exd3 6. Nxd3 Nf6 7. Nc3 Qf5 8.
Bf4 Nc6 9. Bxc7 Be6 10. Be2 Be7 11. O-O O-O 12. Re1 Rac8 13. Bg3 Rfd8 14. Bf3
Rd7 15. Ne4 Nd4 16. Nxf6+ Bxf6 17. Be4 Qb5 18. c3 Nf5 19. Qf3 Nxg3 20. hxg3
Rcd8 21. a4 Qb6 22. a5 Qb5 23. Nb4 Rd2 24. a6 bxa6 25. Rxa6 Rxb2 26. Rxa7 Rb3
27. Nd5 Bxd5 28. Bxd5 Rxc3 29. Bxf7+ Kh8 30. Ra8 Rxf3 31. Rxd8+ Bxd8 32. gxf3
g6 33. Re8+ Kg7 34. Rxd8 Kxf7 35. Rd4 Qa5 36. Kg2 Kf6 37. Rf4+ Kg5 38. Rg4+ Kf5
39. Rf4+ Ke6 40. Re4+ Kf7 41. Rf4+ Kg7 42. Re4 h5 43. Rh4 Kh6 44. Kg1 Qd5 45.
Kg2 Qc6 46. Re4 Qd5 47. Rh4 g5 48. Re4 g4 49. Rf4 gxf3+ 50. Kh3 Kg5 51. Kh2 Qd1
{Time forfeit} 0-1

[Event "Rated Blitz game"]
[Site "?"]
[Date "2021.03.15"]
[Round "?"]
[White "Takacsbl"]
[Black "Chesspirate_Channel"]
[Result "1-0"]
[WhiteElo "2546"]
[BlackElo "2376"]
[PlyCount "81"]
[EventDate "2021.??.??"]
[EventType "blitz"]

1. e4 e5 2. Nf3 d5 3. exd5 e4 4. Qe2 Nf6 5. d3 Be7 6. dxe4 O-O 7. Nc3 c5 8. Bd2
a6 9. a4 Re8 10. Qd3 c4 11. Qxc4 b5 12. Qd3 b4 13. Ne2 Bd6 14. Bg5 Bg4 15. Nd2
h6 16. Bh4 Nbd7 17. f3 Nc5 18. Qc4 Bh5 19. g4 Bg6 20. Bg2 Qc7 21. Nb3 Nfxe4 22.
fxe4 Bxe4 23. O-O Bxh2+ 24. Kh1 Nxb3 25. Qxc7 Bxc7 26. Bxe4 Rxe4 27. cxb3 Rxe2
28. Rac1 Be5 29. Rf2 Rxf2 30. Bxf2 Rd8 31. Rd1 Bxb2 32. Bc5 a5 33. Kg2 g6 34.
Kf3 f5 35. gxf5 gxf5 36. Kf4 Kf7 37. Kxf5 h5 38. Bb6 Rd7 39. Bxa5 h4 40. Bb6 h3
41. Bg1 {Time forfeit} 1-0

[Event "Rated Blitz game"]
[Site "?"]
[Date "2021.03.15"]
[Round "?"]
[White "Queribus"]
[Black "J0NiKz"]
[Result "1-0"]
[WhiteElo "2364"]
[BlackElo "2440"]
[PlyCount "97"]
[EventDate "2021.??.??"]
[EventType "blitz"]

1. e4 e5 2. Nf3 d5 3. Nxe5 dxe4 4. Bc4 Qg5 5. d4 Qxg2 6. Rf1 Be6 7. Bxe6 fxe6
8. Nc3 Nf6 9. Be3 Nbd7 10. Nxd7 Nxd7 11. Qe2 Bb4 12. Qc4 Bxc3+ 13. Qxc3 O-O-O
14. Bf4 e5 15. dxe5 Nb6 16. Qg3 Qf3 17. Qxf3 exf3 18. Rd1 Nd5 19. Bg3 h5 20. c4
Nb4 21. Rd2 Nd3+ 22. Kd1 Nxb2+ 23. Kc2 Nxc4 24. Rxd8+ Rxd8 25. Kc3 Nd2 26. Rc1
Ne4+ 27. Kc4 c6 28. Re1 b5+ 29. Kb4 Rd4+ 30. Kb3 Kd7 31. a3 Ke6 32. Kc2 Nxg3
33. hxg3 Rd5 34. Re3 Rxe5 35. Rxf3 g5 36. Rf8 a5 37. Rh8 g4 38. Kd3 Rf5 39. Ke3
Rf3+ 40. Ke2 Rxa3 41. Rxh5 b4 42. Kd2 a4 43. Kc2 Ra2+ 44. Kb1 Rxf2 45. Rg5 Kd6
46. Rxg4 c5 47. Rg6+ Kd5 48. Rg4 a3 49. Ka1 {Time forfeit} 1-0

[Event "Rated Blitz game"]
[Site "?"]
[Date "2021.03.15"]
[Round "?"]
[White "Prettyfly"]
[Black "Schachelite"]
[Result "1-0"]
[WhiteElo "2488"]
[BlackElo "2405"]
[PlyCount "46"]
[EventDate "2021.??.??"]
[EventType "blitz"]

1. e4 e5 2. Nf3 d5 3. Nxe5 Bd6 4. d4 dxe4 5. Nc3 Nf6 6. Bc4 O-O 7. Bf4 Nbd7 8.
Qe2 Qe7 9. Nxe4 Nxe4 10. Qxe4 Bxe5 11. dxe5 Qb4+ 12. c3 Qxb2 13. O-O Nc5 14.
Qe3 Ne6 15. Bg3 Qa3 16. f4 Qc5 17. Qxc5 Nxc5 18. f5 Bd7 19. Rae1 Rae8 20. Bf2
Na4 21. e6 fxe6 22. fxe6 Bc6 23. e7+ Rf7 {Normal} 1-0

[Event "Rated Blitz game"]
[Site "?"]
[Date "2021.03.15"]
[Round "?"]
[White "beyinlazim"]
[Black "Dzon_Vejn"]
[Result "1/2-1/2"]
[WhiteElo "2372"]
[BlackElo "2406"]
[PlyCount "157"]
[EventDate "2021.??.??"]
[EventType "blitz"]

1. e4 e5 2. Nf3 d5 3. exd5 e4 4. Nd4 Qxd5 5. Nb3 Qe5 6. Nc3 Nc6 7. Qe2 Nf6 8.
d3 Bg4 9. f3 exf3 10. gxf3 Bxf3 11. Qxe5+ Nxe5 12. Rg1 Bc6 13. Kf2 Neg4+ 14.
Kg3 Bd6+ 15. Bf4 Nh5+ 16. Kxg4 Nxf4 17. Re1+ Kd7 18. Bh3 g6 19. Kg3+ f5 20. Kh4
Rae8 21. Nd4 Rxe1 22. Rxe1 g5+ 23. Kxg5 Nxh3+ 24. Kxf5 Rf8+ 25. Kg4 Nf4 26.
Nxc6 bxc6 27. Ne4 Ng6 28. Re2 Rf4+ 29. Kg5 Rf1 30. Nf6+ Kc8 31. Nxh7 Ne5 32. b3
Nf3+ 33. Kg6 Nxh2 34. Nf6 Kb7 35. Ne8 Ng4 36. a4 a5 37. Ng7 Ne5+ 38. Kh7 Rh1+
39. Kg8 Rg1 40. Kh7 Ng4 41. Nf5 Nf6+ 42. Kh6 Ng4+ 43. Kh5 Nf6+ 44. Kh4 Rg8 45.
d4 Rg4+ 46. Kh3 Re4 47. Rf2 Rf4 48. Nxd6+ cxd6 49. Rxf4 Nd5 50. Rf7+ Kb6 51. c4
Nb4 52. Rf6 Nc2 53. Rxd6 Kc7 54. Rh6 Nxd4 55. Kg4 Nxb3 56. Kf5 Nc5 57. Ke5 Nxa4
58. Kd4 Kb6 59. Rh5 c5+ 60. Kd5 Nc3+ 61. Kd6 Ne4+ 62. Kd7 Nf6+ 63. Ke6 Nxh5 64.
Kd5 Nf4+ 65. Ke4 Ne2 66. Kd3 Nf4+ 67. Kc2 Ne6 68. Kc3 Nd4 69. Kd3 Nc6 70. Kc3
Ne5 71. Kc2 Nxc4 72. Kc3 Kb5 73. Kc2 a4 74. Kc1 Ka5 75. Kb1 Kb4 76. Ka1 a3 77.
Kb1 Na5 78. Ka1 Nb3+ 79. Kb1 {Time forfeit} 1/2-1/2

[Event "Rated Blitz tournament INWOcLZK"]
[Site "?"]
[Date "2021.03.15"]
[Round "?"]
[White "samisahi"]
[Black "Elkut"]
[Result "1-0"]
[WhiteElo "2674"]
[BlackElo "2238"]
[PlyCount "91"]
[EventDate "2021.??.??"]
[EventType "blitz"]

1. e4 e5 2. Nf3 d5 3. exd5 e4 4. Nd4 Nf6 5. Nc3 Bd6 6. d3 O-O 7. dxe4 Nxe4 8.
Nxe4 Re8 9. Bd3 f5 10. Qe2 fxe4 11. Bxe4 Nd7 12. Ne6 Qf6 13. Bxh7+ Kxh7 14.
Qh5+ Kg8 15. Qxe8+ Nf8 16. Nxf8 Bxf8 17. O-O b6 18. Bd2 Bb7 19. Qe6+ Qxe6 20.
dxe6 Be7 21. Bc3 Rf8 22. Rad1 Bc6 23. Rfe1 Rf5 24. Re5 Rf4 25. Rd4 Rf8 26. Rg4
Bc5 27. Rxc5 bxc5 28. Rxg7+ Kh8 29. Rxc7+ Kg8 30. Rg7+ Kh8 31. Rxa7+ Kg8 32.
Rg7+ Kh8 33. Rc7+ Kg8 34. Rxc6 Rd8 35. g4 c4 36. Kg2 Re8 37. f4 Rf8 38. f5 Rd8
39. g5 Re8 40. g6 Rf8 41. f6 Ra8 42. h4 Kf8 43. h5 Kg8 44. h6 Kf8 45. h7 Ke8
46. h8=Q# {Normal} 1-0

[Event "Rated Blitz tournament JeSHUaii"]
[Site "?"]
[Date "2021.03.15"]
[Round "?"]
[White "HULK_BKD"]
[Black "om_gendut"]
[Result "1-0"]
[WhiteElo "2443"]
[BlackElo "2398"]
[PlyCount "41"]
[EventDate "2021.??.??"]
[EventType "blitz"]

1. e4 e5 2. Nf3 d5 3. exd5 e4 4. Qe2 Be7 5. Qxe4 Nf6 6. Qa4+ Nbd7 7. c4 O-O 8.
Be2 a6 9. Qc2 b5 10. b3 Bb7 11. O-O c6 12. dxc6 Bxc6 13. d4 Rc8 14. Nbd2 Qb6
15. Bb2 Qb7 16. Rfe1 Rfe8 17. Bf1 Bb4 18. Bc3 Bxc3 19. Qxc3 Nf8 20. Qd3 bxc4
21. bxc4 {Normal} 1-0